Missing Middles Medley: G Quiz Stats

 Plays Quiz Updated Oct 8, 2014

Challenge
Share
Tweet
Embed
Score 0/36 Timer 05:00
2 Plays Today
% Correct
Gate
96.1%
Got
95.9%
Goo
95.8%
Graham
95.6%
Greatest
95.6%
Globe
95.6%
Going
95.1%
Gone
94.5%
Green
94.3%
Good
93.9%
Get
93.6%
Given
93.6%
Ga
93.5%
Gehrig's
93.4%
Goal
93.1%
Gabba!
92.4%
Gotta
92.3%
Grown
90.9%
% Correct
Gamblin'
90.4%
Goes
90.2%
García
90.1%
Gi
90%
Gurdy
89.1%
Gingerbread
88.7%
Goldwyn
87.1%
Grand
85.3%
Girl
84.3%
Glen
83.2%
Golden
83%
Gonna
82.4%
Glass
79.8%
General's
78.6%
Geils
76.3%
Gay
73.2%
Galloping
71.5%
Getting
68.7%

You're not logged in!

Compare scores with friends on all Sporcle quizzes.
OR
Log In

You Might Also Like...

Show Comments

Extras

Top Quizzes Today


Score Distribution

Your Account Isn't Verified!

In order to create a playlist on Sporcle, you need to verify the email address you used during registration. Go to your Sporcle Settings to finish the process.

Report this User

Report this user for behavior that violates our Community Guidelines.

Details: